000 00365nam a2200145Ia 4500
005 20250729165737.0
008 250729s2014 xx 000 0 und d
041 _aeng
082 _a370.5 NEEV
100 _aDr.Neerja Dhanakar
_9231939
245 _aValue Education
260 _aNew Delhi
_bA P H PUBLISHING
_c2014
300 _a75p
650 _aEducation
_9231940
999 _c239533
_d239533